Представление документа в формате MARC21

Поле Инд. ПП Название Значение
Тип записи a
Библиографический уровень m
001 Контрольный номер 7397236c3a67474a9f37338c5916dbc8
005 Дата корректировки 20200529105502.6
008 Кодируемые данные 160707|||||||||ru |||||||||||||||||rus||
020 a ISBN 978-5-8211-0701-5
020 a ISBN 978-5-8211-0703-9 (Т. 2)
041 0_ a Код языка текста rus
084 a Индекс другой классификации/Индекс ББК 65.01+65.26+65.050
090 a Полочн. индекс 65.01
x Авторский знак Б 43
100 1_ a Автор Белкин В. Д.
245 10 a Заглавие Избранные труды. Т. 2. Параллельный рубль и системная сбалансированность экономики
c Ответственность Рос. акад. наук, Центр. экон.-мат. ин-т
260 a Место издания Москва
b Издательство ЦЭМИ РАН
c Дата издания 2015
300 a Объем 612, [1] с.
b Иллюстрации/ тип воспроизводства портр.
504 a Библиография Библиогр.: с. 613 и в подстроч. примеч.
650 04 a Основная рубрика Экономическая теория-Финансы-Избранные труды
653 0_ a Ключевые слова Банковские системы
a Ключевые слова Оптимизация экономики
a Ключевые слова Труд
a Ключевые слова Управление экономикой
a Ключевые слова Финансовые системы
a Ключевые слова Финансы
a Ключевые слова Цены
901 t Тип документа m